La participación de los fieles en el culto litúrgico (Record no. 823068)

000 -CABECERA
Campo de control de longitud fija 00524nam a2200169 4500
001 - NÚMERO DE CONTROL
Campo de control VA43941
003 - IDENTIFICADOR DEL NÚMERO DE CONTROL
Campo de control ES-SlBCS
005 - FECHA Y HORA DE LA ÚLTIMA TRANSACCIÓN
Campo de control 20210601155903.0
008 - CÓDIGOS DE INFORMACIÓN DE LONGITUD FIJA
Campo de control de longitud fija 140520ss.f. xxu||||| |||| 00| 0 spa d
041 ## - CÓDIGO DE LENGUA
Código de lengua del texto/banda sonora o título independiente spa
100 1# - PUNTO DE ACCESO PRINCIPAL-NOMBRE DE PERSONA
Nombre de persona Espeja Pardo, Jesús
Títulos y otros términos asociados al nombre (O.P.)
Fechas asociadas al nombre (1932-)
9 (RLIN) 2939
245 10 - MENCIÓN DE TÍTULO
Título La participación de los fieles en el culto litúrgico
Mención de responsabilidad, etc. Jesús Espeja Pardo
260 ## - PUBLICACIÓN, DISTRIBUCIÓN, ETC... (PIE DE IMPRENTA)
Lugar de publicación, distribución, etc. Salamanca :
Nombre del editor, distribuidor, etc. Cuadernos Sacerdotales
Fecha de publicación, distribución, etc. , s.f.
300 ## - DESCRIPCIÓN FÍSICA
Extensión 45 p.;
Dimensiones 18, cm
650 04 - PUNTO DE ACCESO ADICIONAL DE MATERIA-TÉRMINO DE MATERIA
Término de materia o nombre geográfico como elemento inicial Liturgia-Participación de los Fieles
9 (RLIN) 362436
942 ## - ENTRADA DE ELEMENTOS AGREGADOS (KOHA)
Koha [por defecto] tipo de item Libros
Holdings
Suprimido Perdido Estropeado No para préstamo Localización permanente Localización actual Localización en estantería Fecha adquisición Préstamos totales Signatura completa Número de Registro / Código de Barras Fecha última consulta Fecha del precio de reemplazo Tipo de item de Koha
        San Esteban San Esteban Valladolid 11/07/2014   52/8 VA43941 11/07/2014 11/07/2014 Libros

Bibliotecas Dominicos Provincia Hispania, 2016

Con tecnología Koha